Catálogo
 En Linea

Episodios historicos de América : (Registro nro. 33294)

Detalles MARC
000 -CABECERA
campo de control de longitud fija 00495nam a2200145 a 4500
001 - NÚMERO DE CONTROL
campo de control 000033803
005 - FECHA Y HORA DE LA ÚLTIMA TRANSACCIÓN
campo de control 20200930070530.0
008 - DATOS DE LONGITUD FIJA--INFORMACIÓN GENERAL
campo de control de longitud fija 110912d1891 dr ac 000 0 spa d
040 ## - FUENTE DE LA CATALOGACIÓN
Centro catalogador/agencia de origen DO-SdBNP
Lengua de catalogación spa
Centro/agencia transcriptor BNPHU
082 ## - NÚMERO DE LA CLASIFICACIÓN DECIMAL DEWEY
Número de clasificación xxx
Número de documento/Ítem S469e
100 1# - ENTRADA PRINCIPAL--NOMBRE DE PERSONA
Nombre de persona Selvas Zenén, Ático
9 (RLIN) 59225
245 10 - MENCIÓN DE TÍTULO
Título Episodios historicos de América :
Resto del título Descubrimiento, conquista, coloniaje e independencia /
Mención de responsabilidad, etc. ÁticoSelvas Zenén.
260 ## - PUBLICACIÓN, DISTRIBUCIÓN, ETC.
Lugar de publicación, distribución, etc. París :
Nombre del editor, distribuidor, etc. Garnier Hermanos,
Fecha de publicación, distribución, etc. 1891.
300 ## - DESCRIPCIÓN FÍSICA
Extensión 187 p. :
Otras características físicas il., retr. ;
Dimensiones 22 cm.
Existencias
Estado de retiro Estado de pérdida Restricciones de uso No para préstamo Código de colección Localización permanente Ubicación/localización actual Ubicación en estantería Fecha de adquisición Número de inventario Total de préstamos Signatura topográfica completa Código de barras Fecha visto por última vez Precio válido a partir de Tipo de ítem Koha
      Excluido de préstamo Raros y valiosos General General En catalogación 12.09.2011 LF1   xxx S469e 33803-10 25.06.2020 25.06.2020 No se presta

Con tecnología Koha